| 000 | 03536cam a2200685 i 4500 | ||
|---|---|---|---|
| 001 | sjds1242460 | ||
| 003 | sjds | ||
| 005 | 20240319195700.0 | ||
| 008 | 160706s2016 txua c 000 1 eng | ||
| 010 | _a 2016014774 | ||
| 020 | _a9781941026410 (paperback) | ||
| 020 | _a1941026419 (paperback) | ||
| 020 | _a9781941026403 (cloth) | ||
| 020 | _a1941026400 (cloth) | ||
| 035 | _a1031636 | ||
| 035 | _a(OCoLC)923554630 | ||
| 035 | _a970388 | ||
| 035 | _a(OCoLC)ocn923554630 | ||
| 035 | _a1031636 | ||
| 035 | _a1031636 | ||
| 040 |
_aDLC _beng _erda _cDLC _dYDXCP _dBTCTA _dOJ4 _dOCLCF _dANK _dORX _dBDX _dOCL _dIFA |
||
| 042 |
_alcac _apcc |
||
| 043 | _an-us-tx | ||
| 049 | _aIFAA | ||
| 099 | _f2016 | ||
| 100 | 1 |
_aGarza, Xavier, _eauthor, _eillustrator. |
|
| 245 | 1 | 0 |
_aMaximilian & the Lucha Libre Club : _ba bilingual lucha libre thriller / _cwritten and illustrated by Xavier Garza. |
| 246 | 3 | _aMaximilian and the Lucha Libre Club | |
| 250 | _aFirst edition. | ||
| 260 |
_aEl Paso, Texas : _bCinco Puntos Press, _c2016 |
||
| 264 | 1 |
_aEl Paso, Texas : _bCinco Puntos Press, _c[2016] |
|
| 300 |
_a235 pages : _billustrations ; _c24 cm. |
||
| 336 |
_atext _btxt _2rdacontent |
||
| 337 |
_aunmediated _bn |
||
| 338 |
_avolume _bnc _2rdacarrier |
||
| 490 | 1 |
_aMax's lucha libre adventures series ; _v3 |
|
| 500 | _aSequel to: Maximilian & the bingo rematch. | ||
| 500 | _a"A Junior Library Guild selection"--Back cover. | ||
| 520 | _aMax seems like any other kid until he is asked to join the Lucha Libre Club, but because of strict secrecy he cannot tell anyone of his royal wrestling blood, his uncle the king of lucha libre, The Guardian Angel. | ||
| 521 | 8 |
_a670 _bLexile. |
|
| 526 | 0 |
_aAccelerated Reader AR _bMG _c3.3 _d3.0 _z185641. |
|
| 650 | 0 |
_aWrestling _vJuvenile fiction. |
|
| 650 | 0 |
_aMexican Americans _vJuvenile fiction. |
|
| 650 | 0 |
_aFamilies _zTexas _vJuvenile fiction. |
|
| 650 | 7 |
_aLucha deportiva _vNovela juvenil. _2bidex |
|
| 650 | 7 |
_aMexicano-americanos _vNovela juvenil. _2bidex |
|
| 650 | 7 |
_aVida familiar _zTexas _vNovela juvenl. _2bidex |
|
| 650 | 0 |
_aSuspense fiction _vJuvenile literature. |
|
| 776 | 0 | 8 |
_iOnline version: _aGarza, Xavier, author, illustrator. _tMaximilian and the Lucha Libre Club _bFirst edition. _dEl Paso, TX : Cinco Puntos Press, [2016] _z9781941026427 _w(DLC) 2016031337 |
| 830 | 0 |
_aMax's lucha libre adventures series ; _v3. |
|
| 942 |
_cBK _2ddc |
||
| 999 |
_c19078 _d19078 |
||